000 00997nam a2200241 a 4500
001 000339169
003 AM-YeHGA
005 20250617131012.0
008 040601s2004 ||| r 000 0 rus d
020 _a5946925067
040 _aAM-YeHGA
041 0 _arus
245 0 0 _aГражданское исполнительное право :
_bУчеб. /
_cВерховный суд РФ ; Высш. арбитраж. суд РФ ; РА правосудия ; Под ред.: А.А. Власова.
260 _aМосква :
_bЭкзамен,
_c2004.
300 _a350 с.
650 1 4 _aГражданское исполнительное право
_vУчебник
650 1 4 _aИсполнительное право
_vУчебник
700 1 _aВлаcов, А. А.
_eред.
_4edt
710 2 _aВерховный суд РФ
710 2 _aВысший арбитражный суд РФ
710 2 _aРоссийская академия правосудия
090 _c129753
999 _c128389
_d128389